Aplicaciones administrativas en una empresa de manufactura y de servicios /

Guardado en:
Detalles Bibliográficos
Autor principal: Díaz Pérez, Luis Alberto (autor)
Formato: Tesis Libro
Idioma:Español
Publicado: Guadalajara, México : edición de autor, 1996
Temas:
Etiquetas: Agrega una etiqueta
Sin etiquetas, Sé el primero en etiquetar este registro!

MARC

LEADER 00000nam^a2200000^a^4500
001 000047699
005 20250521000000.0
009 20260526115204.624
037 |a Acervo ITESO - Biblioteca 
041 |a ESP 
090 |a ISC. 132 
100 |a Díaz Pérez, Luis Alberto  |e (autor) 
245 1 0 |a Aplicaciones administrativas en una empresa de manufactura y de servicios /  |c L.A. Díaz Pérez. 
264 1 |a Guadalajara, México :  |b edición de autor,  |c 1996 
300 |a 90 p. 
336 |a texto  |b txt  |2 rdacontenido 
337 |a sin mediación  |b n  |2 rdamedio 
338 |a volumen  |b nc  |2 rdasoporte 
502 |a ITESO Reporte Profesional de Licenciatura en Ingeniería en Sistemas Computacionales 
649 |a XX 
650 |a Automatización 
650 |a Sistemas de Información 
650 |a Bases de Datos 
650 |a Desarrollo de Sistemas 
650 |a Ingeniería Computacional 
910 |a Fondo General 
920 |a Impresos - Tesis del ITESO 
930 |a Colección General 
905 |a 104 
901 |a 0500003077  |b IT2  |c TSS  |u 20250521 
902 |a https://opac.biblio.iteso.mx/vufind/Record/000047699